000 01485nam a2200433 c 4500
999 _c167755
_d167755
003 BLK
005 20250122135754.0
008 180411b bul|||||r ||||||| ||bul||
010 _aKNG00175592000
040 _aBLK
041 _aBUL
_cBUL
072 7 _2bullib
_aК
_xКраезнание
080 _aМузика
_b78
_x:061.23(497.215)
_z78:061.23(497.215)
110 1 _aМузикално д-во Лира. Русе
_92554
139 _aМузикално д-во Лира. Русе
_bМ 95
245 1 0 _aУстав на Музикалното дружество "Лира" в гр. Русе
_bОсновано во 1891 год.
257 _aBGR
260 _bМуз. д-во Лира
_c1907
_fРусе : печ. Б. Н. Малджиев
300 _a11 с.
_c15 см
380 _a7
650 4 _aМузика - България - история
_9261617
650 4 _aРусе - музика
_9337636
650 4 _aДружества - България - устави
_9321730
651 4 _aБългария
_9241624
651 4 _aРусе
_9179462
653 _aмузика
653 _aистория
653 _aдружества
653 _aРусе
659 _aК
852 _aЦб І 27114
852 _aК 78/М 95
856 4 _qpdf
856 4 _qpdf
942 _cKNG
_n0
_s1
_02
944 _aCR
_c21.05.2015
_k30558
_lВаля Йорданова
944 _aED
_c07.08.2015
_kВаля_Йорданова
999 _d167755